000 00280nam a22001337a 4500
003 SGT
082 _a611
_bGAR
100 _aGARG, KRISHNA
245 _aPRACTICAL ANATOMY WORKBOOK
260 _aINDIA
_bCBS PUB.
_c2015
300 _a234
650 _aANATOMY
942 _2ddc
_cBK
999 _c32436
_d32436